Complicated Lyrics - Avril Lavigne - Statistics

General Stats
  • This quiz has been taken 341 times
  • The average score is 376 of 472
Answer Stats
Answer % Correct
a
99%
you
97%
You
97%
I
96%
so
95%
complicated?
94%
like
93%
me
93%
me,
93%
to
93%
your
93%
the
92%
what
92%
And
91%
and
91%
go
90%
way
89%
things
88%
else
87%
else,
87%
it
87%
see
87%
see,
87%
Somebody
87%
somebody
87%
you're
87%
You're
87%
be,
86%
be
86%
in
86%
make
86%
this
84%
this,
84%
have
83%
Actin'
81%
get
81%
out,
81%
out
81%
for?
80%
Chill
79%
fool
79%
When
79%
when
79%
back,
78%
back
78%
frustrated
78%
on
78%
tell
78%
take
77%
Take
77%
can't
76%
cool,
76%
look
76%
No,
76%
no,
76%
no
76%
(no,
76%
no)
76%
all
75%
it's
75%
life's
74%
Life's
74%
yellin'
74%
relax
73%
Why'd
73%
before
72%
everyone
72%
fall,
72%
turn
72%
are
71%
Where
71%
where
71%
become
69%
been
69%
done
69%
into
69%
is
69%
watchin'
69%
break
68%
car
68%
we're
68%
drivin'
67%
One
67%
one
67%
if
66%
Lay
65%
could
64%
gets
64%
never
64%
'round
64%
Let
62%
find
61%
only
61%
talkin'
61%
That's
61%
crawl,
60%
promise
60%
gonna
59%
but
58%
tryna
58%
I'm
55%
would
54%
clothes
51%
come
49%
up
49%
faking
48%
not
48%
preppy
48%
off
47%
Uh
47%
whatcha
46%
over
45%
somethin'
44%
Anyone
43%
Dressed
43%
makin'
43%
Honesty
42%
huh,
42%
huh
42%
know,
41%
unannounced
41%
'Cause
39%
foolin'
39%
pose
38%
strike
38%
Laugh
37%
at
28%
No matching quizzes found
Score Distribution
Percent of People with Each Score
Percentile by Number Answered
Your Score History
You have not taken this quiz